|
|
|
|
| LEADER |
00000nab a2200000ua 4500 |
| 001 |
vtls010845444 |
| 003 |
SK-MaSNL |
| 005 |
20260303140323.0 |
| 008 |
230218s1964 xo |||||||||||||||||slo| |
| 035 |
|
|
|a (urnnbn)urn:nbn:sk:snk:ar-a074fy
|
| 035 |
|
|
|a urn:nbn:sk:snk-ab672h
|
| 035 |
|
|
|a (uuid)b852bcd6-f428-4f85-ad02-606f4652abcc
|
| 040 |
|
|
|a SNKBUCL
|b slo
|c SNKBUCL
|e AACR2
|
| 041 |
0 |
|
|a slo
|
| 044 |
|
|
|a xo
|c SK
|
| 100 |
1 |
|
|a Seneš, Ján,
|d 1924-1992
|4 aut
|9 177362
|
| 245 |
1 |
0 |
|a OTÁZKA LATORFU, PROBLÉM VEKU A KORELÁCIE JUŽNOSLOVENSKÉHO A MAĎARSKÉHO OLIGOCÉNU
|c Ján Seneš
|
| 773 |
0 |
|
|t Geologické práce : správy
|g Roč. 33, č. 33 (1964), s. 71-85
|
| 954 |
|
|
|a odborná, vedecká literatúra pôvodná (slovenská)
|2 lita
|
| 958 |
|
|
|a OND
|
| 958 |
|
|
|a EUIPO
|
| 958 |
|
|
|a article5
|
| 999 |
|
|
|c 1971245
|d 1973175
|